000 00639nam a2200193Ia 4500
003 GCL
008 140319s9999 xx 000 0 ara d
040 _aGCL /
_cGCL
082 0 4 _a810.9
_bا ا
100 1 _aانيس المقدسى
245 1 0 _aالاتجاهات الادبية فى العالم العربى الحديث /
_cانيس المقدسى
260 _a[S.N] :
_bدار العلم للملايين ،
_c1988
300 _a494 ص
490 _a
650 0 4 _aالادب العربى
650 0 4 _aتاريخ ونقد
650 0 4 _aالعالم العربى - تاريخ - العصر العثمانى
942 _2ddc
_cBK
999 _c35206
_d35206